000 00744cam a22002174a 4500
005 20250605164300.0
008 250528s ||||||||||||||||||||||||d
035 _a22021
020 _a9780814408735
040 _aGR-AtMCL
_bgre
_dGR-AtMCL
_eAACR2
245 1 _aFUNDAMENTALS OF SALES MANAGEMENT FOR THE NEWLY APPOINTED SALES MANAGERS
250 _a1
260 _bΕκδόσεις Προπομπος,
_c2006
300 _a212
505 0 _aSALES COMMUNICATION SALES PLANNING TIME MANAGEMENT RECRUITMENT MOTIVATION TRAINING LEADERSHIP
520 _aSALES COMMUNICATION SALES PLANNING TIME MANAGEMENT RECRUITMENT MOTIVATION TRAINING LEADERSHIP
700 1 _aSchwartz Matthew
_97897
942 _cBK
999 _c7077
_d7077